000 00292nam a2200133Ia 4500
008 230312s9999||||xx |||||||||||||| ||und||
082 _a005.133
_bMEH-I
100 _aMehmood;Khalid
245 0 _aIntroduction to Database
260 _aPK
300 _a205
650 _aComputer
942 _cBK
999 _c2029
_d2029